Documento firmado por el Virrey Fernando de Alencastre Noroña y Silva (Record no. 4662)
[ view plain ]
| 000 -CABECERA | |
|---|---|
| campo de control de longitud fija | 01973nam a2200325 a 4500 |
| 001 - NÚMERO DE CONTROL | |
| campo de control | BRCA_4968 |
| 005 - FECHA Y HORA DE LA ÚLTIMA TRANSACCIÓN | |
| campo de control | 20190320204900.0 |
| 008 - DATOS DE LONGITUD FIJA--INFORMACIÓN GENERAL | |
| campo de control de longitud fija | 251010c1711----mx-######v---#000-0#----# |
| 041 ## - CÓDIGO DE LENGUA | |
| Código de lengua del texto/banda sonora o título independiente | spa |
| 044 ## - CÓDIGO DEL PAÍS DE LA ENTIDAD EDITORA/PRODUCTORA | |
| Código MARC del país | mx |
| 084 ## - OTRO NÚMERO DE CLASIFICACIÓN | |
| Número de clasificación | DOC62 |
| Número de documento/Ítem | .A44 |
| -- | 1711 |
| 100 1# - ENTRADA PRINCIPAL--NOMBRE DE PERSONA | |
| Nombre de persona | Alencastre Noroña y Silva, Fernando de, |
| Títulos y otros términos asociados al nombre | Duque de Linares, |
| Fechas asociadas al nombre | 1641-1717 |
| 9 (RLIN) | 12640 |
| 245 10 - MENCIÓN DE TÍTULO | |
| Título | Documento firmado por el Virrey Fernando de Alencastre Noroña y Silva |
| Mención de responsabilidad, etc. | Fernando de Alencastre Noroña y Silva ; [Felipe V]. |
| 260 ## - PUBLICACIÓN, DISTRIBUCIÓN, ETC. | |
| Lugar de publicación, distribución, etc. | México |
| Fecha de publicación, distribución, etc. | 1711 |
| 300 ## - DESCRIPCIÓN FÍSICA | |
| Extensión | [4] fojas |
| Dimensiones | 30 x 21 cm. |
| 500 ## - NOTA GENERAL | |
| Nota general | Documento firmado el 4 de junio de 1711. |
| 500 ## - NOTA GENERAL | |
| Nota general | Documento en cuál Don Fernando de Alancastre Noroña y Silva Duque de Linares, da cuenta de una Real Cédula que el Rey manda a las Autoridades y Oficiales Reales de la Corte, a fin de que se guarde, cumpla y ejecute su tenor, procediendo a lo que se previene en caso de que se presenten los despachos que éste expresa y que de cuenta como en él se contiene. La Real Cédula ordena que se revisen los Oficios Reales recibidos en virtud de estarse falsificando algunos. |
| 500 ## - NOTA GENERAL | |
| Nota general | Contiene dos sellos con el escudo de la casa de Borbón y el lema: ´SELLO QUARTO, UN QUARTILLO, AÑOS DE MIL SETECIENTOS Y DIEZ Y SETECIENTOS Y ONZE´. |
| 500 ## - NOTA GENERAL | |
| Nota general | El documento contiene la leyenda DOC. #72. |
| 500 ## - NOTA GENERAL | |
| Nota general | Papel con marca de agua. |
| 500 ## - NOTA GENERAL | |
| Nota general | Estado de conservación: contiene pequeñas manchas de acidez. |
| 506 0# - NOTA DE RESTRICCIONES AL ACCESO | |
| Limitaciones de acceso | Fondo Reservado. Para su consulta es necesario credencial de usuario y carta de motivos. |
| 546 ## - NOTA DE LENGUA/LENGUAJE | |
| Nota de lengua/lenguaje | Texto en: español de principios del siglo XVIII. |
| 600 14 - PUNTO DE ACCESO ADICIONAL DE MATERIA--NOMBRE DE PERSONA | |
| Nombre de persona | Alencastre Noroña y Silva, Fernando de, |
| Numeración | Duque de Linares, |
| Fechas asociadas al nombre | 1641-1717 |
| Subdivisión general | Historia |
| 9 (RLIN) | 12641 |
| 650 14 - PUNTO DE ACCESO ADICIONAL DE MATERIA--TÉRMINO DE MATERIA | |
| Término de materia o nombre geográfico como elemento de entrada | Documentos legales |
| Subdivisión de forma | Impreso |
| Subdivisión general | Historia |
| Subdivisión cronológica | Casa de Borbón, 1700 |
| Subdivisión geográfica | España |
| 9 (RLIN) | 12589 |
| 651 #4 - PUNTO DE ACCESO ADICIONAL DE MATERIA--NOMBRE GEOGRÁFICO | |
| Nombre geográfico | México |
| Subdivisión general | Historia |
| Subdivisión cronológica | Colonia, 1521-1821 |
| 9 (RLIN) | 12461 |
| 700 1# - PUNTO DE ACCESO ADICIONAL--NOMBRE DE PERSONA | |
| Nombre de persona | Felipe |
| Numeración | V, |
| Títulos y otros términos asociados al nombre | Rey de España, |
| Fechas asociadas al nombre | 1683-1746 |
| 9 (RLIN) | 12642 |
| 902 ## - CATALOGADOR | |
| Iniciales | FDH |
| 942 ## - ELEMENTOS DE PUNTO DE ACCESO ADICIONAL (KOHA) | |
| Fuente del sistema de clasificación o colocación | Library of Congress Classification |
| Tipo de ítem Koha | Documentos |
| Estado de retiro | Estado de pérdida | Estado dañado | No para préstamo | Localización permanente | Ubicación/localización actual | Fecha de adquisición | Total de préstamos | Signatura topográfica completa | Código de barras | Fecha visto por última vez | Precio válido a partir de | Tipo de ítem Koha |
|---|---|---|---|---|---|---|---|---|---|---|---|---|
| El ejemplar forma parte de la colección y puede ser consultado según las políticas vigentes. | Biblioteca del Museo Franz Mayer (Rogerio Casas-Alatriste) | Biblioteca del Museo Franz Mayer (Rogerio Casas-Alatriste) | 25/10/2010 | DOC62 .A44 1711 | 5035 | 22/03/2019 | 22/03/2019 | Documentos |